000 00792nam a2200241Ia 4500
003 OSt
005 20220930065553.0
006 a|||||r|||| 00| 0
007 ta
008 220926b |||||||| |||| 00| 0 eng d
024 _a5785
037 _cTheses
040 _aCRL
_cCRL
_beng
041 _2eng
_aeng
100 _aMukherjee Nilanjana
_9526055
110 _aUniversity of Delhi. Faculty of Science. Department of Home Science
245 0 _aInvestigation into factors influencing pattern of resource management in low income Indian families
_b Industrial workers of calcutta
260 _c1980
650 _aHOME ECONOMICS
700 _aUniversity of Delhi. Faculty of Science. Department of Home Science
942 _cDIS
_2CC
999 _c859723
_d859723